Soil Properties : (Record no. 11776)
[ view plain ]
| 000 -LEADER | |
|---|---|
| fixed length control field | 01134cam a2200301 a 4500 |
| 001 - CONTROL NUMBER | |
| control field | 15179844 |
| 005 - DATE AND TIME OF LATEST TRANSACTION | |
| control field | 20080803165913.0 |
| 008 - FIXED-LENGTH DATA ELEMENTS--GENERAL INFORMATION | |
| fixed length control field | 080213s2009 njua 001 0 eng |
| 010 ## - LIBRARY OF CONGRESS CONTROL NUMBER | |
| LC control number | 2008007097 |
| 020 ## - INTERNATIONAL STANDARD BOOK NUMBER | |
| International Standard Book Number | 9780136141235 |
| 020 ## - INTERNATIONAL STANDARD BOOK NUMBER | |
| International Standard Book Number | 0136141234 |
| 035 ## - SYSTEM CONTROL NUMBER | |
| System control number | (OCoLC)ocn192109829 |
| 035 ## - SYSTEM CONTROL NUMBER | |
| System control number | (OCoLC)192109829 |
| 040 ## - CATALOGING SOURCE | |
| Original cataloging agency | DLC |
| Transcribing agency | DLC |
| Modifying agency | YDX |
| -- | BAKER |
| -- | YDXCP |
| -- | BTCTA |
| -- | DLC |
| 050 00 - LIBRARY OF CONGRESS CALL NUMBER | |
| Classification number | TA710 |
| Item number | .L547 2009 |
| 082 00 - DEWEY DECIMAL CLASSIFICATION NUMBER | |
| Classification number | 624.151360 |
| Edition number | 22 |
| Item number | LIU |
| 100 1# - MAIN ENTRY--PERSONAL NAME | |
| Personal name | Liu, Cheng, |
| Dates associated with a name | 1937- |
| 9 (RLIN) | 5948 |
| 245 10 - TITLE STATEMENT | |
| Title | Soil Properties : |
| Remainder of title | Testing, Measurement, and Evaluation / |
| Statement of responsibility, etc | Cheng Liu, Jack B. Evett. |
| 250 ## - EDITION STATEMENT | |
| Edition statement | 6th ed. |
| 260 ## - PUBLICATION, DISTRIBUTION, ETC. (IMPRINT) | |
| Place of publication, distribution, etc | Upper Saddle River, N.J. : |
| Name of publisher, distributor, etc | Pearson/Prentice Hall, |
| Date of publication, distribution, etc | c2009. |
| 300 ## - PHYSICAL DESCRIPTION | |
| Extent | viii, 429 p. : |
| Other physical details | ill. ; |
| Dimensions | 28 cm. |
| 650 #0 - SUBJECT ADDED ENTRY--TOPICAL TERM | |
| Topical term or geographic name as entry element | Soil mechanics. |
| 9 (RLIN) | 5949 |
| 650 #0 - SUBJECT ADDED ENTRY--TOPICAL TERM | |
| Topical term or geographic name as entry element | Soils |
| General subdivision | Testing. |
| 9 (RLIN) | 5950 |
| 700 1# - ADDED ENTRY--PERSONAL NAME | |
| Personal name | Evett, Jack B., |
| Dates associated with a name | 1942- |
| 9 (RLIN) | 5951 |
| 942 ## - ADDED ENTRY ELEMENTS (KOHA) | |
| Source of classification or shelving scheme | Dewey Decimal Classification |
| Item type | Book - Borrowing |
| Withdrawn status | Item status | Source of classification or shelving scheme | Damaged status | Not for loan | Vendor | Home library | Current library | Shelving location | Date acquired | Source of acquisition | Cost, normal purchase price | Serial Enumeration / chronology | Total Checkouts | Full call number | Barcode | Date last seen | Koha item type |
|---|---|---|---|---|---|---|---|---|---|---|---|---|---|---|---|---|---|
| Dewey Decimal Classification | Alahram | Central Library | Central Library | First floor | 09/06/2009 | 225.00 | 361 | 624.151360 LIU | 000016802 | 15/07/2025 | Book - Borrowing |